ბათუმის შოთა რუსთაველის სახელმწიფო უნივერსიტეტის ბიბლიოთეკა

Технология переработки нефти и газа производство топлив. Труды выпуск XXIII. (ბიბ.ჩანაწერი № 38240)

000 -LEADER
fixed length control field 00731nam a2200205Ia 4500
001 - CONTROL NUMBER
control field 4230
003 - CONTROL NUMBER IDENTIFIER
control field GE_BSU
008 - FIXED-LENGTH DATA ELEMENTS--GENERAL INFORMATION
fixed length control field 181216s||||||||xx |||||||||||||| ||und||
040 ## - CATALOGING SOURCE
Transcribing agency GE_BSU
080 ## - UNIVERSAL DECIMAL CLASSIFICATION NUMBER
Universal Decimal Classification number 665.6
245 ## - TITLE STATEMENT
Title Технология переработки нефти и газа производство топлив. Труды выпуск XXIII.
245 ## - TITLE STATEMENT
Statement of responsibility, etc. Ред. коллег. А.З.Дорогочинский. Е.М.Брещенко и др.
260 ## - PUBLICATION, DISTRIBUTION, ETC.
Place of publication, distribution, etc. М.
260 ## - PUBLICATION, DISTRIBUTION, ETC.
Name of publisher, distributor, etc. Химия.
260 ## - PUBLICATION, DISTRIBUTION, ETC.
Date of publication, distribution, etc. 1968.
300 ## - PHYSICAL DESCRIPTION
Extent 288 стр. с илл. 21 см.
300 ## - PHYSICAL DESCRIPTION
Accompanying material Табл.
653 ## - INDEX TERM--UNCONTROLLED
Uncontrolled term Технология переработки нефти и газа производство топлив.
942 ## - ADDED ENTRY ELEMENTS (KOHA)
Koha item type წიგნი
ეგზემპლარები
Withdrawn status Lost status Damaged status Not for loan Date acquired Barcode Date last seen Price effective from Koha item type Public note
        2018-12-17 9514 2018-12-17 2018-12-17 წიგნი საცავი